Дело о службе актера и режиссера русской драматической труппы Александра Яблочкина

RUSMARC
00005758cmc2a2200000#x 450
001a0df8c6d-0eb9-4ec6-a042-b77f472d9eb4
00520191216141455.0
100##$a20170623l18451886k l0rusy0189 ca
1010#$arus
102##$aRU
2001#$aДело о службе актера и режиссера русской драматической труппы Александра Яблочкина
$j6 июля 1845 г. - 15 октября 1886 г.
251##$cДело
300##$aПо Санкт-Петербургской дирекции за 1845 год
300##$aЗаголовок дела также: Дело о службе актера и главного режиссера русской драматической труппы Александра Яблочкина
801#0$aRU
$bРГИА
$c20170623
801#1$aRU
$bГлавНИВЦ
$c20170623
$2rusmarc
801#2$aRU
$bПБ им. Б.Н. Ельцина
$c20181224
$gRCR
$2rusmarc
850##$aФедеральное казенное учреждение "Российский государственный исторический архив" (РГИА)
852##$aРГИА
$j10359
937##$hРГИА
$d12246083
$aASBIBLIO_SCAN
462#0$1001dd3991dc-24e1-42ec-8838-ca4255420416
$12001
$a1746-1850 гг.
$vД. 10359
$1251
$cОпись
$1852
$j1
461#0$10019264ebf8-de62-4f1a-9eb4-9f22098dbbd5
$12001
$aДирекция императорских театров МИДв
$1251
$cФонд
$1852
$j497
215##$a229 листов
$d36,5х26 см
371##$aДокумент не является опубликованным и широко распространяемым
105##$ay###
1222#$ad18450706##
$ad18861015##
035##$aa0df8c6d-0eb9-4ec6-a042-b77f472d9eb4
856##$uhttp://readingroom.main.prlib.ru/item.aspx?id_node=n122251924&mode=full
5171#$aДело о службе актера и главного режиссера русской драматической труппы Александра Яблочкина
600#1$2prlib_sh
$3LIBNET\UAF\0000086589
$aЯблочкин
$bА.А.
$gАлександр Александрович
$f1821-1895
$jДокументы и материалы
6061#$2nlr_sh1
$3RU\NLR\AUTH\6621935
$aАктеры
$xЗаработная плата
$jДокументы и материалы
686##$2rubbk
$a85.334
$vLBC/M
686##$a63.3(2)52-8
$vLBC/M
$2rubbk
605##$2acquisition_Prlib
$3LIBNET\UAF\0000080478
$aГод театра в России
$lколлекция
605##$2acquisition_Prlib
$3DITM\AF\0000004166
$aРоссия в лицах
$lколлекция
60101$2prlib_sh
$3LIBNET\UAF\0000083361
$aРоссия
$bДирекция императорских театров
$bПетербургская контора
$jДокументы и материалы
Формат отображения